书目信息 |
| 题名: |
尼日尔史
|
|
| 作者: | 德里维埃 著 ;上海师范大学《尼日尔史》翻译组 译 | |
| 分册: | ||
| 出版信息: | 上海 上海人民出版社 1977.6 |
|
| 页数: | 647页 | |
| 开本: | 32cm | |
| 丛书名: | ||
| 单 册: | ||
| 中图分类: | K436.0 | |
| 科图分类: | ||
| 主题词: | 西非--历史 | |
| 电子资源: | ||
| ISBN: | ||
| 000 | 00815nam0 2200253 45 | |
| 001 | 0211180823 | |
| 005 | 20031219104100.4 | |
| 010 | @dCNY1.70 | |
| 091 | @a11171.127 | |
| 100 | @a20021118d1977 km y0chiy0120 ea | |
| 101 | 0 | @achi |
| 105 | @ab z 000yy | |
| 200 | 1 | @a尼日尔史@ANi Ri Er Shi@f埃德蒙·塞雷·德里维埃著@FAi De Meng·Sai Lei·De Li Wei Ai Zhu@g上海师范大学《尼日尔史》翻译组译 |
| 210 | @a上海@c上海人民出版社@d1977.6 | |
| 215 | @a647页@c地图@d32cm | |
| 300 | @a内部读物 | |
| 300 | @a附录:大事年表 | |
| 300 | @a根据巴黎贝尔—勒夫罗出版社1965年版译出 | |
| 606 | 0 | @a西非@x历史 |
| 690 | @aK436.0@v3 | |
| 701 | 0 | @a德里维埃@4著 |
| 712 | 02 | @a上海师范大学《尼日尔史》翻译组@AShang Hai Shi Fan Da Xue《Ni Ri Er Shi》Fan Yi Zu@4译 |
| 801 | @aCN@bTSTC@c20021118 | |
| 905 | @f1@b228463@dK436.0@e13 | |
| 尼日尔史/埃德蒙·塞雷·德里维埃著/上海师范大学《尼日尔史》翻译组译.-上海:上海人民出版社,1977.6 |
| 647页:地图;32cm |
| 内部读物.-附录:大事年表.-根据巴黎贝尔—勒夫罗出版社1965年版译出 |
| ISBN :CNY1.70 |
| ● |
| 相关链接 |
|
|
|
|
正题名:尼日尔史
索取号:K436.0/13
 
预约/预借
| 序号 | 登录号 | 条形码 | 馆藏地/架位号 | 状态 | 备注 |
| 1 | 0228463 | 001623693 | 第二样本阅览室/ [索取号:K436.0/13] | 在馆 |